Paradiddle patter

Saved in:
Bibliographic Details
Main Author: Street, William G (Author)
Format: Musical Score Book
Language:English
Published: Nueva York Carl Fischer 1972
Series:American Composer's Edition
Subjects:
Tags: Add Tag
No Tags, Be the first to tag this record!

MARC

LEADER 00000ncm a2200000 a 4500
001 UCM0228
003 CL-VaPUC
005 20241203083409.0
008 020125e19720000US |||||||||||||||||eng|d
999 |c 299230  |d 299228 
040 |c Pontificia Universidad Católica de Valparaíso 
082 0 4 |a Pe786.9193 STR 1972  |2 21 
100 0 |a Street, William G  |e author  |9 466925 
245 1 0 |a Paradiddle patter 
260 |a Nueva York  |b Carl Fischer  |c 1972 
300 |a 21 p 
490 0 |a American Composer's Edition 
583 |a last modification  |c 20020125 00:00:00  |k Rodrigo Vera 
650 0 |a Percusión  |9 390071 
650 0 |a Rudimentos  |9 466926 
650 0 |a Ejercicios y estudios  |9 323938 
650 0 |a Interpretación   |9 258846 
650 0 |a Repertorios musicales  |9 258861 
650 7 |a MUSICA PARA TAMBOR  |2 CL-VaPUC  |9 466927 
942 |c BK  |2 ddc 
945 |d 20020125 00:00:00  |a lriquelm 
952 |0 0  |1 0  |2 ddc  |4 0  |6 PE_786_919300000000000_STR_1972  |7 0  |8 F  |9 355501  |a BIBEDU  |b BIBEDU  |d 2019-11-21  |i 1155865  |o Pe786.9193 STR 1972  |p 1155865  |r 2023-11-22  |w 2019-11-21  |y PA  |k MUS